000 00558nam a2200169 a 4500
001 000037871
005 20201002031129.0
008 130307s2013 dr a 000 0 spa d
020 _a9789945007299
040 _aDO-SdBNP
_bspa
_cBNPHU
100 1 _aMontero, Narciso
_964317
245 1 0 _a... antes de enamorarte /
_cNarciso Montero.
260 _aSanto Domingo :
_bCentenario, SRL,
_c2013.
300 _a138 P. :
_bils. ;
_c22 cm.
500 _aIncluye datos biográficos del autor en la solapa de la cubierta
500 _aIncluye notas al pie de las páginas
999 _c37361
_d37361